Murder in the Central Committe (Record no. 51825)

MARC details
000 -LEADER
fixed length control field 00536nam a2200145 a 4500
008 - FIXED-LENGTH DATA ELEMENTS--GENERAL INFORMATION
fixed length control field 130919s1981 ||||||||||||||||| || u
020 ## - INTERNATIONAL STANDARD BOOK NUMBER
International Standard Book Number 9781612190365
050 ## - LIBRARY OF CONGRESS CALL NUMBER
Classification number PQ 6672 .A92 M97
100 ## - MAIN ENTRY--PERSONAL NAME
Personal name Montalban, Manuel Vazquez
245 10 - TITLE STATEMENT
Title Murder in the Central Committe
Statement of responsibility, etc. by Manuel Vazquez Montalban
260 ## - PUBLICATION, DISTRIBUTION, ETC.
Place of publication, distribution, etc. Barcelona:
Name of publisher, distributor, etc. Melville Pub. Co
Date of publication, distribution, etc. 1981
300 ## - PHYSICAL DESCRIPTION
Extent 203p.
650 ## - SUBJECT ADDED ENTRY--TOPICAL TERM
Topical term or geographic name entry element ENGLISH LANGUAGE
995 ## - RECOMMENDATION 995 [LOCAL, UNIMARC FRANCE]
-- CBU-MAIN LIBRARY (Kitwe)
-- 1
-- AVAILABLE
-- Nov 4, 2013
-- Fiction Collection
Holdings
Withdrawn status Lost status Source of classification or shelving scheme Damaged status Not for loan Home library Current library Shelving location Date acquired Total Checkouts Full call number Barcode Date last seen Price effective from Koha item type
          CBU-MAIN LIBRARY, KITWE. CBU-MAIN LIBRARY, KITWE.   11/30/2022   PQ 6672 .A92 M97 744556 11/30/2022 11/30/2022 MONOGRAPH